Gnarly (Clean Vers.) - KATSEYE Lyrics - Statistics

General Stats
  • This quiz has been taken 128 times
    57 since last reset
  • The average score is 212 of 262
Answer Stats
Gnarly Lyrics % Correct
could
95%
everything
95%
one
95%
the
95%
You
95%
you
95%
Boba
93%
describe
93%
Gnarly
93%
Like
93%
like
93%
single
93%
Tea
93%
with
93%
word
93%
a
90%
know
90%
They
90%
they
90%
This
90%
this
90%
chick
88%
Chicken
88%
Fried
88%
my
88%
Oh
88%
so
88%
song
88%
be
85%
God
85%
Hills
85%
Hollywood
85%
beat
83%
in
83%
is
83%
Everything's
80%
Gang
80%
gang
80%
I'm
80%
Making
80%
Na
80%
na
80%
new
80%
of
80%
Partyin'
80%
dumb
78%
for
78%
going
78%
lit
78%
out
78%
real
78%
session
78%
to
78%
tonight
78%
view
78%
copy
75%
Freaking
75%
freaking
75%
Hottie
75%
hottie
75%
J-J-Jealous
75%
legit
75%
me
75%
Obvi
75%
obvi
75%
we're
75%
Yeah
75%
beats
73%
boring
73%
Congratulations
73%
Robotics
73%
that
73%
Don't
70%
mansion
70%
not
70%
talk
70%
You're
70%
hobby
63%
tryna
63%
ain't
60%
just
60%
Now
60%
song's
58%
Fricking
25%
giving
23%
It's
23%
No matching quizzes found
Score Distribution
Percent of People with Each Score
Percentile by Number Answered
Your Score History
You have not taken this quiz since the last reset